000 00626nam a2200181 i 4500
001 92436
003 ES-MaACL
005 20260124063016.0
007 t|
008 050307s1964 xxu ||||1| eng d
100 0 _aLincoln, Abraham,
_d1809-1865
_972367
245 1 2 _aAbraham Lincoln
_b: a documentary portrait through his specches and writings /
_cedited and will an introduction by Don E. Fehrenbacher.
260 _aNew York :
_bNew American Library,
_c[1964]
300 _aXXX, 31-288 p. ;
_c18 cm.
700 1 _aFehrenbacher, Don E.
_949093
852 _aES-MaACL
_jC-34827
_bR.66138
999 _c92436
_d92436